[Event "AUTO-OPEN-1829"]
[Site "http://www.queenalice.com/game.php?id=710454"]
[Date "2010.1.8"]
[Round "1"]
[White "Guille"]
[Black "ArmandoAzevedo"]
[Result "0-1"]
[WhiteElo "1798"]
[BlackElo "2448"]

1. e4 e5 2. Bc4 Nf6 3. Qf3 c6 4. d3 d5 5. exd5 e4 6. dxe4 Bc5 7. Nc3 Nbd7 8.
dxc6 Ne5 9. Qe2 bxc6 10. Bg5 Qb6 11. Na4 Qb4+ 12. Nc3 Qxb2 13. Bxf7+ Kxf7 14.
Rd1 Qxc3+ 15. Rd2 Rb8 16. Qd1 Nxe4 17. Ne2 Nf3+ 18. gxf3 Bxf2+ 19. Kf1 Bh3# 0-1

[Event "AUTO-OPEN-1829"]
[Site "http://www.queenalice.com/game.php?id=710473"]
[Date "2010.1.8"]
[Round "1"]
[White "rocha"]
[Black "Guille"]
[Result "0-1"]
[WhiteElo "1413"]
[BlackElo "1741"]

1. e3 Nf6 2. f3 d5 3. d4 e6 4. c3 c5 5. Bb5+ Nbd7 6. Ne2 Bd6 7. Qa4 O-O 8. c4
Nb6 9. Qb3 Qc7 10. Na3 a5 11. Nc3 cxd4 12. exd4 Bxh2 13. Qc2 Qg3+ 14. Kf1 Qc7
15. b3 dxc4 16. bxc4 Bd6 17. c5 Nbd5 18. g4 Bf4 19. g5 Bxc1 20. Rxc1 Ne3+ 21.
Kf2 Nxc2 22. Rxc2 Nd5 23. Bc4 Nb4 24. Nab5 Qf4 25. a3 Nxc2 26. Bd3 Qe3+ 27. Kg3
Qxg5+ 28. Kf2 Qd2+ 29. Kg3 Qxd3 30. Rd1 Qg6+ 31. Kf2 Bd7 32. Rg1 Qf6 33. Ne4 Qf4
34. Nbc3 Nxd4 35. Ne2 Qxf3+ 0-1

[Event "AUTO-OPEN-1829"]
[Site "http://www.queenalice.com/game.php?id=710474"]
[Date "2010.1.8"]
[Round "1"]
[White "Guille"]
[Black "rocha"]
[Result "1-0"]
[WhiteElo "1754"]
[BlackElo "1477"]

1. e4 e5 2. Nf3 f6 3. Nc3 c6 4. Bc4 Nh6 5. O-O a6 6. d4 b5 7. Bb3 Bb7 8. dxe5 f5
9. Ng5 Be7 10. Qh5+ Kf8 11. Nxh7+ Rxh7 12. Bxh6 Rxh6 13. Qf7# 1-0

[Event "AUTO-OPEN-1829"]
[Site "http://www.queenalice.com/game.php?id=710483"]
[Date "2010.1.8"]
[Round "1"]
[White "Lunog"]
[Black "Guille"]
[Result "1-0"]
[WhiteElo "2014"]
[BlackElo "1803"]

1. e4 c6 2. d4 Nf6 3. Nc3 d5 4. e5 Ne4 5. Nf3 e6 6. Bd3 c5 7. Bxe4 cxd4 8. Nxd4
dxe4 9. Nxe4 Bc5 10. Nxc5 Qd5 11. Ncb3 Qxg2 12. Rf1 Nd7 13. Qe2 Qxh2 14. Nf3 Qh5
15. Bd2 O-O 16. O-O-O b6 17. Rh1 Qg4 18. Rdg1 Bb7 19. Rxg4 Bxf3 20. Qxf3 Nxe5
21. Rxg7+ Kxg7 22. Qh5 f5 23. Qxh7+ Kf6 24. Rh6+ Ng6 25. Bc3+ e5 26. Rxg6# 1-0

[Event "AUTO-OPEN-1829"]
[Site "http://www.queenalice.com/game.php?id=710484"]
[Date "2010.1.8"]
[Round "1"]
[White "Guille"]
[Black "Lunog"]
[Result "0-1"]
[WhiteElo "1766"]
[BlackElo "2046"]

1. Nf3 Nf6 2. Nc3 Nc6 3. d4 d5 4. Bf4 Bg4 5. Ne5 Nxe5 6. Bxe5 e6 7. f3 Bh5 8.
Nb5 Bd6 9. Bxf6 Qxf6 10. c3 a6 11. Qa4 O-O 12. Nxd6 cxd6 13. Qd7 Qh4+ 14. g3 Qd8
15. Qxb7 Qa5 16. b4 Qa3 17. Rd1 Qxc3+ 18. Rd2 Rfb8 19. Qe7 Rxb4 20. Qg5 Bg6 21.
Kf2 h6 22. Qe3 Qc4 23. h4 Rc8 24. Bh3 Kh7 25. g4 Rb1 26. Rxb1 Bxb1 27. g5 Qc1
28. Qf4 Qh1 29. Kg3 Rc1 30. e3 Rg1+ 31. Bg2 Bf5 32. g6+ fxg6 33. Kf2 Rxg2# 0-1

[Event "AUTO-ADV-1604"]
[Site "http://www.queenalice.com/game.php?id=710571"]
[Date "2010.1.8"]
[Round "1"]
[White "goldaric"]
[Black "Guille"]
[Result "1-0"]
[WhiteElo "1879"]
[BlackElo "1816"]

1. e4 e5 2. Nf3 Nf6 3. Bc4 d6 4. d3 Qe7 5. h3 Nbd7 6. Bg5 h6 7. Bh4 g5 8. Bg3
Nc5 9. Nc3 c6 10. O-O b5 11. Bb3 Nxb3 12. axb3 Qe6 13. Re1 Nh5 14. Bh2 Rg8 15.
d4 f6 16. dxe5 fxe5 17. Nxe5 dxe5 18. Qxh5+ Rg6 19. Bxe5 Kf7 20. Qf3+ Ke7 21.
Bd4 Kd7 22. Qf5 Qxf5 23. exf5 Rd6 24. Bc5 Rf6 25. Rad1+ Kc7 26. Bxf8 Rxf8 27.
Re7+ Kb6 28. g4 h5 29. Ne4 hxg4 30. hxg4 Bxf5 31. gxf5 Rxf5 32. b4 a5 33. c3
axb4 34. cxb4 Ra4 35. Rdd7 Rxb4 36. Rb7+ Ka5 37. Ra7+ Kb6 38. Reb7# 1-0

[Event "AUTO-ADV-1604"]
[Site "http://www.queenalice.com/game.php?id=710572"]
[Date "2010.1.8"]
[Round "1"]
[White "Guille"]
[Black "goldaric"]
[Result "1-0"]
[WhiteElo "1796"]
[BlackElo "1886"]

1. e4 c6 2. d4 d5 3. e5 Bf5 4. Nf3 e6 5. c4 Nd7 6. a3 a5 7. Nc3 Ne7 8. Nh4 h6 9.
b3 Bh7 10. Bf4 Ng6 11. Nxg6 Bxg6 12. Be2 Be7 13. O-O O-O 14. a4 Bb4 15. Na2 Be7
16. Qd2 Nb8 17. Rad1 Na6 18. Qe3 Bc2 19. Rd2 Bh7 20. Qg3 Kh8 21. cxd5 cxd5 22.
Qh3 Bg5 23. Bxg5 Qxg5 24. f4 Qe7 25. Bg4 Be4 26. Rdf2 Nc7 27. Nc3 Bg6 28. f5
exf5 29. Bxf5 Bxf5 30. Rxf5 Ne6 31. Nb5 Rac8 32. Nd6 Ng5 33. Qh5 Rc7 34. h4 Ne4
35. Nxf7+ Kh7 36. Ng5+ 1-0

[Event "AUTO-ADV-1604"]
[Site "http://www.queenalice.com/game.php?id=710585"]
[Date "2010.1.8"]
[Round "1"]
[White "umdoistresredondoredondo"]
[Black "Guille"]
[Result "1-0"]
[WhiteElo "1865"]
[BlackElo "1746"]

1. e4 e5 2. Nf3 Nf6 3. d3 Nc6 4. Be2 Bc5 5. h3 d5 6. exd5 Nxd5 7. O-O O-O 8. c3
Bb6 9. a4 Re8 10. b4 a5 11. b5 Na7 12. c4 Nb4 13. Bb2 Bf5 14. Ra3 Qd6 15. d4 Nc2
16. c5 Bxc5 17. dxc5 Qxc5 18. Rc3 Qb6 19. Rxc2 Rad8 20. Rd2 Rxd2 21. Qxd2 e4 22.
Ne5 c6 23. Bd4 c5 24. Bc3 Nc8 25. Bc4 Nd6 26. Bd5 Qd8 27. Na3 e3 28. fxe3 g6 29.
Qb2 Qg5 30. Re1 Re7 31. Nac4 Nxc4 32. Nxc4 Bxh3 33. Bh8 Kf8 34. Bf3 Re6 35. Bxb7
Qg3 36. Qf2 Qxf2+ 37. Kxf2 Re7 38. gxh3 Rxb7 39. Nxa5 Re7 40. b6 Re6 41. b7 Rb6
42. Be5 f6 43. b8=Q+ Rxb8 44. Bxb8 Ke7 45. Rd1 1-0

[Event "AUTO-ADV-1604"]
[Site "http://www.queenalice.com/game.php?id=710586"]
[Date "2010.1.8"]
[Round "1"]
[White "Guille"]
[Black "umdoistresredondoredondo"]
[Result "0-1"]
[WhiteElo "1795"]
[BlackElo "1887"]

1. e4 e5 2. Nf3 Nc6 3. Bc4 Nd4 4. Nxe5 Qg5 5. Ng4 d5 6. Be2 Nxe2 7. Qxe2 Bxg4 8.
f3 Be6 9. O-O O-O-O 10. d4 Qh5 11. Nc3 dxe4 12. Nxe4 Rxd4 13. Be3 Rxe4 14. Rad1
Bd6 15. g3 Rxe3 16. Qxe3 Bc5 17. Rd4 Bxd4 18. Qxd4 Kb8 19. Qd8+ Bc8 20. g4 Qc5+
21. Kh1 Qe7 22. Rd1 g6 23. c4 Qf6 24. Rd7 Qxf3+ 25. Kg1 Qxg4+ 26. Kf2 Qxd7 27.
Qg5 Qf5+ 28. Qxf5 Bxf5 29. a4 Nf6 30. Ke3 Ng4+ 31. Kd4 Nxh2 32. b4 Re8 33. a5 h5
34. b5 h4 35. Kd5 h3 36. c5 Ng4 37. c6 h2 38. cxb7 h1=Q+ 39. Kc5 Qe4 40. b6 Re5#
0-1

[Event "AUTO-ADV-1604"]
[Site "http://www.queenalice.com/game.php?id=710593"]
[Date "2010.1.8"]
[Round "1"]
[White "thw"]
[Black "Guille"]
[Result "0-1"]
[WhiteElo "1905"]
[BlackElo "1787"]

1. e4 c6 2. Nf3 Qc7 3. d4 d6 4. Be3 Nf6 5. Bd3 Bg4 6. h3 Bh5 7. O-O Nbd7 8. Nbd2
e5 9. c3 Be7 10. Qc2 c5 11. dxc5 Nxc5 12. Bb5+ Nfd7 13. Bxc5 dxc5 14. Bxd7+ Qxd7
15. Nxe5 Qe6 16. Qa4+ Kd8 17. Ndc4 Be2 18. Rfe1 Bxc4 19. Qxc4 Qxe5 20. Qxf7 Kc7
21. Qd5 Bd6 22. Qxe5 Bxe5 23. Rad1 Rhf8 24. Rd5 Bd6 25. e5 Be7 26. Red1 Kc6 27.
Rd7 Rad8 28. e6 Bg5 29. Rxd8 Rxd8 30. Rxd8 Bxd8 31. f4 g6 32. g4 Kd6 0-1

[Event "AUTO-ADV-1604"]
[Site "http://www.queenalice.com/game.php?id=710594"]
[Date "2010.1.8"]
[Round "1"]
[White "Guille"]
[Black "thw"]
[Result "0-1"]
[WhiteElo "1761"]
[BlackElo "1976"]

1. e4 e6 2. Nf3 d5 3. e5 c5 4. c4 Nc6 5. d4 cxd4 6. Nxd4 Nxe5 7. Qb3 dxc4 8.
Qb5+ Nd7 9. Bxc4 Nf6 10. O-O Bc5 11. Nf3 O-O 12. Nc3 a6 13. Qb3 b5 14. Bd3 Bb7
15. Ne4 Bxe4 16. Bxe4 Nxe4 17. Re1 Bxf2+ 18. Kf1 Bxe1 19. Nxe1 Qf6+ 20. Qf3
Qxf3+ 21. Nxf3 Rfc8 22. Be3 Rc2 23. Bd4 Nd2+ 24. Nxd2 Rxd2 25. Bc3 Rd5 26. Re1
Rc8 27. h4 Nb6 28. Re3 Na4 29. Rg3 Nxc3 30. bxc3 Rd2 31. a3 Rc2 32. h5 R2xc3 33.
Rg4 Rxa3 34. h6 g6 35. Kf2 Rc2+ 36. Kg1 f6 37. Rd4 Rc8 38. Rd7 b4 39. Rg7+ Kh8
40. Rf7 f5 41. Re7 b3 42. Rxe6 b2 43. Rb6 Ra1+ 44. Kh2 b1=Q 45. Rxb1 Rxb1 46.
Kh3 Rc4 47. g3 Rg4 48. Kg2 f4 49. Kf3 Rxg3+ 50. Kxf4 Rh3 51. Kg5 a5 52. Kg4 Rxh6
53. Kg5 Kg7 54. Kg4 Rh5 55. Kg3 Rb4 56. Kf3 Rh3+ 57. Kg2 Ra3 58. Kf2 Rb2+ 59.
Ke1 Ra1# 0-1

[Event "Challenge"]
[Site "http://www.queenalice.com/game.php?id=724402"]
[Date "2010.2.2"]
[Round "-"]
[White "Guille"]
[Black "arpia"]
[Result "0-1"]
[WhiteElo "1749"]
[BlackElo "1694"]

1. e4 e5 2. Nf3 Nc6 3. c3 Bc5 4. Bc4 Nf6 5. d4 exd4 6. Ng5 d5 7. Bb3 Nxe4 8. O-O
Nxg5 9. Re1+ Be6 10. Qg4 h6 11. Bxg5 Qxg5 12. Qxg5 hxg5 13. Bxd5 O-O-O 14. Bxe6+
fxe6 15. b4 Bd6 16. Rxe6 Bxh2+ 17. Kf1 Rhe8 18. Rxe8 Rxe8 19. g3 d3 20. Kg2 Re2
21. Kxh2 d2 22. Nxd2 Rxd2 23. Kg1 Rc2 24. b5 Ne7 25. Re1 Kd7 26. a4 Rxc3 27. Re5
Rc4 28. Rxg5 Rxa4 29. f4 g6 30. Kf2 c6 31. Kf3 a5 32. g4 Kd6 33. Re5 Nd5 34. Re4
Rxe4 35. bxc6 Kxc6 36. Kxe4 Nf6+ 37. Kf3 a4 38. f5 gxf5 39. g5 a3 40. gxf6 Kd6
41. Kf4 Ke6 42. Kg5 Kf7 43. Kxf5 a2 44. Kg5 a1=Q 45. Kg4 Qxf6 46. Kg3 Ke6 47.
Kg4 Ke5 48. Kg3 Ke4 49. Kg2 Ke3 50. Kg3 Qg6+ 51. Kh4 Kf4 52. Kh3 Qg3# 0-1

[Event "AUTO-OPEN-1863"]
[Site "http://www.queenalice.com/game.php?id=724455"]
[Date "2010.2.2"]
[Round "1"]
[White "animis"]
[Black "Guille"]
[Result "1-0"]
[WhiteElo "1987"]
[BlackElo "1734"]

1. d4 c6 2. e4 Nf6 3. Nc3 e6 4. Nf3 Bb4 5. Bd3 d6 6. O-O Bxc3 7. bxc3 Qb6 8. Bd2
Nbd7 9. Qe2 Nf8 10. Rfe1 Ng6 11. h3 O-O 12. a4 Ne7 13. a5 Qc7 14. c4 e5 15. c3
Ng6 16. Nh2 h6 17. Qf3 Nh4 18. Qg3 Ng6 19. Qf3 Be6 20. Qe2 Qd7 21. d5 Bxh3 22.
gxh3 Qxh3 23. Qf3 Qxf3 24. Nxf3 Ng4 25. Kg2 c5 26. Reb1 Ne7 27. Rxb7 Nc8 28.
Rab1 Nf6 29. Nh4 a6 30. Nf5 Ne8 31. Bc2 Kh7 32. Ba4 Ra7 33. Kg3 Nf6 34. f3 g6
35. Nxh6 Nh5+ 36. Kg4 Nf4 37. Rxa7 Nxa7 38. Bxf4 exf4 39. Rb7 Kxh6 40. Rxa7 f5+
41. Kxf4 g5+ 42. Ke3 g4 43. Rxa6 f4+ 44. Kf2 Rg8 45. Rxd6+ Kh5 46. fxg4+ Kxg4
47. Rf6 Rh8 48. Bd7+ Kg5 49. Rf5+ Kg6 50. Rxf4 Rh2+ 51. Kg3 Rc2 52. Rf3 Ra2 53.
e5 Rxa5 54. e6 1-0

[Event "AUTO-OPEN-1863"]
[Site "http://www.queenalice.com/game.php?id=724456"]
[Date "2010.2.2"]
[Round "1"]
[White "Guille"]
[Black "animis"]
[Result "0-1"]
[WhiteElo "1749"]
[BlackElo "1946"]

1. e4 e5 2. Nf3 Nc6 3. c3 Nf6 4. d3 d6 5. Be2 Be7 6. Ng5 h6 7. Nxf7 Kxf7 8. O-O
Rf8 9. Nd2 Kg8 10. d4 exd4 11. Qb3+ Kh8 12. Bd3 Ne5 13. cxd4 Nxd3 14. Qxd3 c6
15. f3 Be6 16. d5 cxd5 17. Re1 Bg8 18. Nf1 dxe4 19. fxe4 d5 20. e5 Ne4 21. Be3
b6 22. Nd2 Bh7 23. Nxe4 Bxe4 24. Qd2 Bc5 25. b4 Bxe3+ 26. Rxe3 Qg5 27. Qb2 Qxe3+
28. Kh1 Rf2 29. Qc1 Bxg2+ 30. Kg1 Rd2# 0-1

[Event "AUTO-OPEN-1863"]
[Site "http://www.queenalice.com/game.php?id=724467"]
[Date "2010.2.2"]
[Round "1"]
[White "AG1"]
[Black "Guille"]
[Result "1-0"]
[WhiteElo "1870"]
[BlackElo "1761"]

1. e4 e5 2. Nf3 d6 3. Bb5+ c6 4. Be2 Nf6 5. Nc3 Nbd7 6. d3 Qc7 7. O-O Be7 8. Bg5
Nc5 9. h3 Ne6 10. Qd2 Bd7 11. a4 O-O-O 12. b4 Nxg5 13. Nxg5 Rdf8 14. b5 h6 15.
Nf3 Qa5 16. Rfb1 Ne8 17. bxc6 Bxc6 18. Nb5 Qb6 19. a5 Qc5 20. a6 Bd8 21. axb7+
Bxb7 22. Nxa7+ Kb8 23. d4 exd4 24. Rb5 Qxa7 25. Rxa7 Kxa7 26. Qxd4+ Kb8 27. Ne5
Nc7 28. Qxd6 Ka7 29. Qb6+ Kb8 30. Qxb7# 1-0

[Event "AUTO-OPEN-1863"]
[Site "http://www.queenalice.com/game.php?id=724468"]
[Date "2010.2.2"]
[Round "1"]
[White "Guille"]
[Black "AG1"]
[Result "0-1"]
[WhiteElo "1744"]
[BlackElo "1903"]

1. e4 e5 2. Nf3 Nc6 3. c3 Nf6 4. d3 Be7 5. Be2 d6 6. O-O O-O 7. Be3 Be6 8. Ng5
Qd7 9. f4 Ng4 10. Bxg4 Bxg4 11. Nf3 exf4 12. Bxf4 Bf6 13. Nbd2 Ne5 14. Bxe5 dxe5
15. Qe2 Rad8 16. d4 exd4 17. c4 d3 18. Qe3 Bxf3 19. Nxf3 Bd4 20. Nxd4 Qxd4 21.
Qxd4 Rxd4 22. Rf4 Rxc4 23. Rd1 Rd4 24. g3 d2 25. Kf2 Rfd8 26. Ke2 f6 27. h4 c5
28. g4 g5 29. hxg5 fxg5 30. Rf5 Rxe4+ 31. Kf2 Rf4+ 32. Rxf4 gxf4 33. Kf3 Rd4 34.
b3 b5 35. Ke2 Kg7 36. Rxd2 Rxd2+ 37. Kxd2 Kg6 38. Kd3 Kg5 39. Ke4 Kxg4 40. Kd5
f3 41. Kxc5 a6 42. Kb6 f2 43. Kxa6 f1=Q 44. a4 bxa4+ 45. Ka5 axb3 46. Ka4 b2 47.
Ka5 b1=Q 48. Ka4 Qf2 49. Ka3 Qfa2# 0-1

[Event "AUTO-ADV-1637"]
[Site "http://www.queenalice.com/game.php?id=724607"]
[Date "2010.2.2"]
[Round "1"]
[White "aknightout"]
[Black "Guille"]
[Result "1-0"]
[WhiteElo "1921"]
[BlackElo "1720"]

1. e4 c6 2. d3 e5 3. Nd2 Bc5 4. Ngf3 d6 5. g3 f5 6. Nb3 Bb6 7. Bg2 Ne7 8. Nh4
Be6 9. O-O O-O 10. Bg5 f4 11. gxf4 exf4 12. Kh1 Nd7 13. Rg1 Ne5 14. Bf3 Bxf2 15.
Rg2 Bxh4 16. Bxh4 Bh3 17. Rg1 Nxf3 18. Qxf3 Qd7 19. Bxe7 Qxe7 20. Qxh3 f3 21.
Raf1 f2 22. Rg3 Rf7 23. Nd4 Rf6 24. Nf5 Qf7 25. Rxg7+ Qxg7 26. Nxg7 Kxg7 27.
Qg3+ Kh8 28. Rxf2 Rg6 29. Qf3 Rag8 30. Rf1 h5 31. Qxh5+ Kg7 32. Rg1 Rxg1+ 33.
Kxg1 Kf6+ 34. Kf2 Rf8 35. Ke3 a5 36. Qxa5 b5 37. Qc3+ Ke6 38. Qxc6 b4 39. Qc4+
1-0

[Event "AUTO-ADV-1637"]
[Site "http://www.queenalice.com/game.php?id=724608"]
[Date "2010.2.2"]
[Round "1"]
[White "Guille"]
[Black "aknightout"]
[Result "0-1"]
[WhiteElo "1740"]
[BlackElo "1547"]

1. e4 e5 2. d4 exd4 3. Qxd4 Nc6 4. Qd1 Nf6 5. Nc3 Bb4 6. Bd3 O-O 7. Nf3 Re8 8.
O-O d6 9. Nd5 Nxd5 10. exd5 Ne5 11. Nxe5 Rxe5 12. c4 Qh4 13. Be3 Rh5 14. h3 Bxh3
15. Qf3 Bg4 16. Bxh7+ Rxh7 17. Qh3 Bxh3 18. g3 Qe4 19. f3 Qxe3+ 20. Rf2 Bc5 0-1

[Event "AUTO-ADV-1637"]
[Site "http://www.queenalice.com/game.php?id=724625"]
[Date "2010.2.2"]
[Round "1"]
[White "Guille"]
[Black "OnlyJoking"]
[Result "1-0"]
[WhiteElo "1758"]
[BlackElo "1799"]

1. e4 e5 2. Nf3 Nc6 3. c3 Nf6 4. d4 exd4 5. cxd4 Nxe4 6. Qe2 Qe7 7. Be3 d5 8.
Qb5 Qb4+ 9. Nfd2 Bd7 10. Qxd5 Nxd2 11. Nxd2 Qe7 12. Bc4 Be6 13. Qe4 Nd8 14. O-O
c6 15. b3 g6 16. Nf3 Bg7 17. Rfe1 O-O 18. Bg5 Bf6 19. Bxf6 Qxf6 20. Re3 Re8 21.
Rae1 Qf5 22. Qxf5 gxf5 23. Ng5 Kg7 24. Nxe6+ fxe6 25. Bxe6 Nxe6 26. Rxe6 Rf8 27.
Re7+ Rf7 28. h4 Kf8 29. R7e5 Rd8 30. d5 cxd5 31. f4 d4 32. Kf2 d3 33. Ke3 d2 34.
Rd1 Re7 35. Rxd2 Rxe5+ 36. fxe5 Rxd2 37. Kxd2 Kf7 38. Ke3 Ke6 39. Kf4 h6 40. h5
Kd5 41. Kxf5 1-0

[Event "AUTO-ADV-1637"]
[Site "http://www.queenalice.com/game.php?id=724626"]
[Date "2010.2.2"]
[Round "1"]
[White "OnlyJoking"]
[Black "Guille"]
[Result "1-0"]
[WhiteElo "1781"]
[BlackElo "1776"]

1. d4 d5 2. c4 Nf6 3. cxd5 Qxd5 4. Nc3 Qf5 5. Nf3 e6 6. e3 Bb4 7. Bd3 Bxc3+ 8.
Ke2 Qa5 9. Bd2 Bxd2 10. Qxd2 Qh5 11. Rac1 c6 12. Qb4 Nd5 13. Qa3 Ne7 14. Kd2 Nd7
15. Be2 b6 16. h4 a5 17. Rhg1 c5 18. g3 O-O 19. Qd3 f6 20. Ng5 Qh6 21. Nxe6 Re8
22. Nc7 Bb7 23. Nxe8 Rxe8 24. Rgd1 cxd4 25. Qxd4 Rd8 26. Ke1 Nc6 27. Qg4 Nce5
28. Qa4 Bf3 29. Bxf3 Nxf3+ 30. Ke2 Qh5 31. Kf1 Qf5 32. Kg2 Nfe5 33. f4 Qg4 34.
Qb3+ Kh8 35. fxe5 Qe4+ 36. Kh2 Qxe5 37. Rxd7 Rb8 38. Rcd1 h6 39. Qd3 Qxb2+ 40.
Rd2 Qe5 41. Qg6 Rg8 42. Rxg7 Rxg7 43. Rd8+ Rg8 44. Qxg8# 1-0

[Event "AUTO-ADV-1637"]
[Site "http://www.queenalice.com/game.php?id=724627"]
[Date "2010.2.2"]
[Round "1"]
[White "Guille"]
[Black "AG1"]
[Result "0-1"]
[WhiteElo "1755"]
[BlackElo "1892"]

1. e4 e5 2. Nf3 Nc6 3. c3 Nf6 4. d3 d6 5. Bg5 Be7 6. Nbd2 O-O 7. Be2 Be6 8. O-O
h6 9. Be3 Nh7 10. b3 Bg5 11. Nxg5 Nxg5 12. Bg4 d5 13. Bxg5 Qxg5 14. Bxe6 fxe6
15. Qe2 d4 16. Nf3 Qh5 17. a3 dxc3 18. Rac1 Rxf3 19. Qxf3 Qxf3 20. gxf3 Nd4 21.
Kg2 c2 22. Kh3 Rd8 23. Kg4 Rd6 24. Rfe1 Rb6 25. b4 Ra6 26. Ra1 Nb3 27. b5 Ra5
28. Ra2 c1=Q 29. Rxc1 Nxc1 30. Rc2 Nxd3 31. Rxc7 Rxb5 32. Kg3 Rb3 33. Re7 Rxa3
34. Rxb7 a5 35. Ra7 a4 36. h4 Ra1 37. Rxa4 Rxa4 38. h5 Kf7 39. Kg2 Ra2 40. Kg3
Kf6 41. Kg2 Rxf2+ 42. Kg3 g5 43. Kg4 Nf4 44. Kg3 Rg2# 0-1

[Event "AUTO-ADV-1637"]
[Site "http://www.queenalice.com/game.php?id=724628"]
[Date "2010.2.2"]
[Round "1"]
[White "AG1"]
[Black "Guille"]
[Result "1-0"]
[WhiteElo "1881"]
[BlackElo "1766"]

1. e4 e5 2. Nf3 Nc6 3. Bb5 Bc5 4. c3 Nge7 5. O-O d6 6. b4 Bb6 7. a4 a6 8. Bc4
Bd7 9. a5 Ba7 10. Ng5 O-O 11. Qh5 h6 12. Nxf7 Rxf7 13. Bxf7+ Kh8 14. d3 Ng8 15.
Na3 Nf6 16. Qg6 Ne7 17. Qg3 Qf8 18. Bb3 Ng4 19. Be3 Nxe3 20. fxe3 Bf5 21. exf5
Qf6 22. Qf3 c6 23. Be6 d5 24. d4 Rf8 25. Nc2 Qg5 26. dxe5 Nxf5 27. Bxf5 g6 28.
Qg3 gxf5 29. Qxg5 hxg5 30. Nd4 f4 31. exf4 gxf4 32. Rf3 Kh7 33. Raf1 Kg6 34.
Rxf4 Re8 35. Rf6+ Kg7 36. Rf7+ Kg8 37. Rxb7 c5 38. Rxa7 cxd4 39. cxd4 Rb8 40.
Rxa6 Rxb4 41. e6 Rxd4 42. e7 Re4 43. Ra8+ Kg7 44. e8=Q Rxe8 45. Rxe8 1-0

[Event "Challenge"]
[Site "http://www.queenalice.com/game.php?id=737397"]
[Date "2010.2.25"]
[Round "-"]
[White "Leofelix"]
[Black "Guille"]
[Result "0-1"]
[WhiteElo "1628"]
[BlackElo "1728"]

1. e4 c6 2. Nf3 Qc7 3. d4 f6 4. Nc3 e6 5. Bc4 Bb4 6. O-O d6 7. Bf4 Ne7 8. Re1
O-O 9. Nh4 a6 10. Qg4 Nd5 11. Bd2 Nxc3 12. Bxc3 Bxc3 13. bxc3 d5 14. Bd3 e5 15.
Qg3 Be6 16. exd5 cxd5 17. Bf5 Bxf5 18. Nxf5 Nc6 19. Rab1 b5 20. Nh6+ Kh8 21. Nf5
Rae8 22. Rbd1 Rf7 23. f4 g6 24. Nh4 e4 25. Qh3 Ne7 26. Re3 Qxf4 27. Rf1 Qg5 28.
Rg3 Qd2 29. Qe6 Ref8 30. Qxa6 g5 31. Nf3 Qe3+ 32. Kh1 exf3 33. Rgxf3 Qe2 34. h3
Ng6 35. Rxf6 Nh4 36. Kg1 Qxg2# 0-1